Statistics for Analogies

Click here to take the quiz!

General Stats

  • This quiz has been taken 74 times
    (62 since last reset)
  • The average score is 7 of 22

Answer Stats

This is to ThisAs...% Correct
Bad is to BestGood is to {Worst}
77%
iPhone 6s is to AppleGalaxy s6 is to {Samsung}
75%
Robusta is to CoffeeOolong is to {Tea}
72%
Pierre Omidyar is to eBayJeff Bezos is to {Amazon}
61%
Margareth Thatcher is to United KingdomBenazir Bhutto is to {Pakistan}
53%
Bachelor is to SpinsterEmperor is to {Empress}
51%
J. K. Rowling is to Harry Potter{Enid} {Blyton} is to The Famous Five
40%
Magyar is to HungarySuomi is to {Finland}
40%
Lagos is to NigeriaDar es Salaam is to {Tanzania}
25%
Yuri Andropov is to Leonid Brezhnev{Mikhail} {Gorbachev} is to Konstantin Chernenko
21%
Dahomey is to BeninUpper Volta is to {Burkina} {Faso}
21%
French is to Romance LanguagesLithuanian is to {Baltic} {Languages}
18%
July 4, 1776 is to United StatesSeptember 7, 1822 is to {Brazil}
18%
Ganymede is to Jupiter{Titan} is to Saturn
16%
Femur is to Leg{Humerus} is to Arm
14%
The Leopard is to Luchino ViscontiThe Sweet Life is to {Federico} {Fellini}
12%
60 is to Babylonian Numerals{20} is to Maya Numerals
11%
Wilhelm Conrad Röntgen is to X-raysHenri Becquerel is to {Radioactivity}
11%
Vetlesen Prize is to GeologyPritzker Prize is to {Architecture}
9%
Blindness is to José SaramagoSong of Solomon is to {Toni} {Morrison}
7%
Alejandro González Iñarritu is to The Revenant {Michael} {Cimino} is to The Deer Hunter
7%
Lieutenant General is to US Army{Vice Admiral} is to US Navy
5%

Score Distribution

Percentile by Number Answered

Percent of People with Each Score

Your Score History

You have not taken this quiz since the last reset